Statistiques concernant Filmographie de Gérard Darmon

Cliquez ici pour prendre le quiz!

Statistiques générales

  • Ce quiz a été pris 8 fois
  • Le résultat moyen est 3 sur 73

Statistiques - réponses

Réponse% Correct
Astérix et Obélix : Mission Cléopâtre
88%
La Cité de la peur
75%
Le Coeur des hommes
25%
Le Coeur des hommes 2
25%
Nous trois ou rien
25%
Bienvenue à bord
13%
Il y a des jours… et des lunes
13%
La Baraka
13%
La Belle Histoire
13%
Le Grand Pardon
13%
Les Aventures de Rabbi Jacob
13%
Tout ça… pour ça !
13%
Tout le monde debout
13%
100% cachemire
0%
37°2 le matin
0%
3 zéros
0%
Amour et Confusions
0%
Bis
0%
Boutchou
0%
Brillantissime
0%
Brutus vs César
0%
Cap Canaille
0%
Celle que j’aime
0%
Chacun sa vie
0%
Courage fuyons
0%
Deux vies plus une
0%
Diva
0%
Emmenez-moi
0%
Gaspard et Robinson
0%
Inspecteur la Bavure
0%
Irréductible
0%
King
0%
La Lune et le Téton
0%
L’amour c’est mieux que la vie
0%
La Nuit bleue
0%
Le Beauf
0%
Le Boulet
0%
Le Cerveau
0%
Le Faux-cul
0%
Le Grand Carnaval
0%
Le Grand Pardon 2
0%
Le Piège Américain
0%
Les Clefs de bagnole
0%
Les Grandes Bouches
0%
Les Loups entre eux
0%
Les Parrains
0%
Les Princes
0%
Les Victimes
0%
Le Voleur et la Menteuse
0%
L’Homme de la Riviera
0%
L’Humeur vagabonde
0%
Liberté, Égalité, Choucroute
0%
Low Cost
0%
Mais qui a tué Pamela Rose ?
0%
Mariage mixte
0%
Nos plus belles vacances
0%
Notre histoire
0%
On efface tout
0%
On ne meurt que deux fois
0%
Pas d’amour sans amour
0%
Pasport
0%
Pédale dure
0%
Petit Jésus
0%
Pour Sacha
0%
Pourvu que ça dure
0%
Preuve d’amour
0%
Robin des bois, la véritable histoire
0%
Rue du départ
0%
Sans peur et sans reproche
0%
Suivez mon regard
0%
Un mari, c’est un mari
0%
Vagabond
0%
Vous êtes jeunes, vous êtes beaux
0%

Distribution des résultats

Percentile par nombre de réponses

% des personnes avec chaque résultat

Votre développement - résultats

Vous n’avez pas pris ce quiz